<?xml version="1.0" encoding="UTF-8"?>
<record
    xmlns:xsi="http://www.w3.org/2001/XMLSchema-instance"
    xsi:schemaLocation="http://www.loc.gov/MARC21/slim http://www.loc.gov/standards/marcxml/schema/MARC21slim.xsd"
    xmlns="http://www.loc.gov/MARC21/slim">

  <leader>01621nam0a2200373   4500</leader>
  <controlfield tag="001">RU\NLR\bibl\94777</controlfield>
  <controlfield tag="005">20260406044213.0</controlfield>
  <datafield tag="010" ind1=" " ind2=" ">
    <subfield code="a">5-237-03532-9</subfield>
    <subfield code="b">&#x410;&#x421;&#x422;</subfield>
  </datafield>
  <datafield tag="010" ind1=" " ind2=" ">
    <subfield code="a">5-271-00111-3</subfield>
    <subfield code="9">10000</subfield>
    <subfield code="b">&#x410;&#x421;&#x422;&#x420;&#x415;&#x41B;&#x42C;</subfield>
  </datafield>
  <datafield tag="021" ind1=" " ind2=" ">
    <subfield code="a">RU</subfield>
    <subfield code="b">2000-6499</subfield>
    <subfield code="9">322</subfield>
  </datafield>
  <datafield tag="035" ind1=" " ind2=" ">
    <subfield code="a">(NLR Aleph) 000092621</subfield>
  </datafield>
  <datafield tag="090" ind1=" " ind2=" ">
    <subfield code="a">520168</subfield>
    <subfield code="c">520168</subfield>
  </datafield>
  <datafield tag="100" ind1=" " ind2=" ">
    <subfield code="a">20000629d1999    |||y0rusy50      ca</subfield>
  </datafield>
  <datafield tag="101" ind1="1" ind2=" ">
    <subfield code="a">rus</subfield>
    <subfield code="c">eng</subfield>
  </datafield>
  <datafield tag="102" ind1=" " ind2=" ">
    <subfield code="a">RU</subfield>
  </datafield>
  <datafield tag="105" ind1=" " ind2=" ">
    <subfield code="a">y   |||||||||</subfield>
  </datafield>
  <datafield tag="200" ind1="1" ind2=" ">
    <subfield code="a">&#x41F;&#x440;&#x43E;&#x431;&#x43B;&#x435;&#x43C;&#x44B; &#x440;&#x43E;&#x434;&#x438;&#x442;&#x435;&#x43B;&#x435;&#x439; &#x438; &#x438;&#x445; &#x440;&#x435;&#x448;&#x435;&#x43D;&#x438;&#x435;</subfield>
    <subfield code="f">&#x411;&#x435;&#x43D;&#x434;&#x436;&#x430;&#x43C;&#x438;&#x43D; &#x421;&#x43F;&#x43E;&#x43A;</subfield>
    <subfield code="g">[&#x41F;&#x435;&#x440;. &#x441; &#x430;&#x43D;&#x433;&#x43B;. &#x410;.&#x41D;. &#x41C;&#x438;&#x440;&#x43E;&#x43D;&#x43E;&#x432;&#x441;&#x43A;&#x43E;&#x433;&#x43E;]</subfield>
  </datafield>
  <datafield tag="210" ind1=" " ind2=" ">
    <subfield code="a">&#x41C;.</subfield>
    <subfield code="c">&#x410;&#x421;&#x422;&#x420;&#x415;&#x41B;&#x42C;</subfield>
    <subfield code="a">&#x41D;&#x430;&#x437;&#x440;&#x430;&#x43D;&#x44C;</subfield>
    <subfield code="c">&#x410;&#x421;&#x422;</subfield>
    <subfield code="d">1999</subfield>
  </datafield>
  <datafield tag="215" ind1=" " ind2=" ">
    <subfield code="a">414, [1] &#x441;.</subfield>
    <subfield code="d">21</subfield>
  </datafield>
  <datafield tag="225" ind1="1" ind2=" ">
    <subfield code="a">&#x420;&#x435;&#x431;&#x435;&#x43D;&#x43E;&#x43A; &#x438; &#x443;&#x445;&#x43E;&#x434; &#x437;&#x430; &#x43D;&#x438;&#x43C;</subfield>
  </datafield>
  <datafield tag="225" ind1="1" ind2=" ">
    <subfield code="a">&#x41C;&#x438;&#x440;&#x43E;&#x432;&#x43E;&#x439; &#x431;&#x435;&#x441;&#x442;&#x441;&#x435;&#x43B;&#x43B;&#x435;&#x440;!</subfield>
  </datafield>
  <datafield tag="300" ind1=" " ind2=" ">
    <subfield code="a">&#x41F;&#x435;&#x440;. &#x438;&#x437;&#x434;.: Problems of Parents /Benjamin Spock.- Cambridge, 1962</subfield>
  </datafield>
  <datafield tag="300" ind1=" " ind2=" ">
    <subfield code="a">&#x41D;&#x430; &#x43E;&#x431;&#x43E;&#x440;&#x43E;&#x442;&#x435; &#x442;&#x438;&#x442;. &#x43B;. &#x430;&#x432;&#x442;.: &#x43F;&#x435;&#x434;&#x438;&#x430;&#x442;&#x440; &#x438; &#x43F;&#x435;&#x434;&#x430;&#x433;&#x43E;&#x433;, &#x434;-&#x440; &#x421;&#x43F;&#x43E;&#x43A;</subfield>
  </datafield>
  <datafield tag="454" ind1=" " ind2="0">
    <subfield code="1">2001#$aProblems of Prents$fBenjamin Spock</subfield>
    <subfield code="1">210##$aCambridge$d1962</subfield>
    <subfield code="t">Problems of Prents</subfield>
  </datafield>
  <datafield tag="606" ind1="0" ind2=" ">
    <subfield code="a">&#x414;&#x435;&#x442;&#x438;</subfield>
    <subfield code="j">&#x41F;&#x43E;&#x43F;&#x443;&#x43B;&#x44F;&#x440;&#x43D;&#x430;&#x44F; &#x43B;&#x438;&#x442;&#x435;&#x440;&#x430;&#x442;&#x443;&#x440;&#x430;</subfield>
    <subfield code="x">&#x423;&#x445;&#x43E;&#x434;</subfield>
    <subfield code="9">1370856</subfield>
    <subfield code="3">RU\NLR\auth\66260451</subfield>
  </datafield>
  <datafield tag="606" ind1="0" ind2=" ">
    <subfield code="a">&#x414;&#x435;&#x442;&#x438;</subfield>
    <subfield code="j">&#x41F;&#x43E;&#x43F;&#x443;&#x43B;&#x44F;&#x440;&#x43D;&#x44B;&#x435; &#x438;&#x437;&#x434;&#x430;&#x43D;&#x438;&#x44F;</subfield>
    <subfield code="x">&#x423;&#x445;&#x43E;&#x434;</subfield>
    <subfield code="9">1370856</subfield>
    <subfield code="3">RU\NLR\auth\66260451</subfield>
  </datafield>
  <datafield tag="686" ind1=" " ind2=" ">
    <subfield code="a">&#x420;128.3&#x44F;9</subfield>
  </datafield>
  <datafield tag="700" ind1=" " ind2="1">
    <subfield code="4">070</subfield>
    <subfield code="8">rus</subfield>
    <subfield code="7">ca</subfield>
    <subfield code="a">&#x421;&#x43F;&#x43E;&#x43A;</subfield>
    <subfield code="b">&#x411;.</subfield>
    <subfield code="f">1903-1998</subfield>
    <subfield code="g">&#x411;&#x435;&#x43D;&#x434;&#x436;&#x430;&#x43C;&#x438;&#x43D;</subfield>
    <subfield code="3">RU\NLR\auth\774126</subfield>
    <subfield code="9">114111</subfield>
  </datafield>
  <datafield tag="801" ind1=" " ind2="0">
    <subfield code="a">RU</subfield>
    <subfield code="b">NLR</subfield>
    <subfield code="c">20000629</subfield>
    <subfield code="g">PSBO</subfield>
  </datafield>
  <datafield tag="801" ind1=" " ind2="1">
    <subfield code="a">RU</subfield>
    <subfield code="b">NLR</subfield>
    <subfield code="c">20000629</subfield>
  </datafield>
  <datafield tag="852" ind1=" " ind2=" ">
    <subfield code="a">NLR</subfield>
    <subfield code="j">2000-3/5429</subfield>
  </datafield>
  <datafield tag="942" ind1=" " ind2=" ">
    <subfield code="c">BOOK</subfield>
  </datafield>
  <datafield tag="980" ind1=" " ind2=" ">
    <subfield code="a">NB</subfield>
  </datafield>
  <datafield tag="995" ind1=" " ind2=" ">
    <subfield code="5">2004-06-03</subfield>
    <subfield code="a">az</subfield>
    <subfield code="b">NLR01</subfield>
    <subfield code="c">NLR01</subfield>
    <subfield code="e">OZ3</subfield>
    <subfield code="f">1-224914</subfield>
    <subfield code="k">&#x41C;1 &#x420;128/&#x421;-730</subfield>
    <subfield code="o">0</subfield>
    <subfield code="p">24.60</subfield>
    <subfield code="r">BOOK</subfield>
    <subfield code="s">1_128730</subfield>
  </datafield>
  <datafield tag="995" ind1=" " ind2=" ">
    <subfield code="5">2000-06-29</subfield>
    <subfield code="a">ad</subfield>
    <subfield code="b">NLR01</subfield>
    <subfield code="c">NLR01</subfield>
    <subfield code="e">RF8</subfield>
    <subfield code="f">44930</subfield>
    <subfield code="k">2000-3/5429</subfield>
    <subfield code="o">0</subfield>
    <subfield code="r">BOOK</subfield>
    <subfield code="s">200035429_</subfield>
  </datafield>
  <datafield tag="995" ind1=" " ind2=" ">
    <subfield code="5">2000-06-29</subfield>
    <subfield code="a">ad</subfield>
    <subfield code="b">NLR01</subfield>
    <subfield code="c">NLR01</subfield>
    <subfield code="e">RF8</subfield>
    <subfield code="f">44933</subfield>
    <subfield code="k">2000-3/5429</subfield>
    <subfield code="o">0</subfield>
    <subfield code="r">BOOK</subfield>
    <subfield code="s">200035429_</subfield>
  </datafield>
  <datafield tag="995" ind1=" " ind2=" ">
    <subfield code="5">2014-02-12</subfield>
    <subfield code="a">aa</subfield>
    <subfield code="b">NLR02</subfield>
    <subfield code="c">NLR02</subfield>
    <subfield code="e">NZ3</subfield>
    <subfield code="f">1-333422</subfield>
    <subfield code="k">&#x41D;&#x437;  &#x420;128/&#x421;-730</subfield>
    <subfield code="o">0</subfield>
    <subfield code="r">BOOK</subfield>
    <subfield code="s">_128730</subfield>
  </datafield>
</record>
